000 00302nam a2200133 i 4500
001 bg
100 1 _aRODZIŃSKI, Witold
245 0 _aHistoria Chin /
_cWitold Rodziński.
260 _aWrocław,
_c1974.
040 _cBPK
041 _apol
942 _cKS
008 s pl f |000 0 pol
999 _c15865
_d15865
856 _uhttp://koha.tu.koszalin.pl/cgi-bin/koha/opac-detail.pl?biblionumber=15865
_yKatalog online BPK